Germanische Götter - Statistiken

Allgemein
  • Dieses Quiz wurde 387 mal gespielt
  • Das Durchschnittsergebnis liegt bei 3 aus 10
Antwortstatistiken
Hinweis Gottheit % Korrekt
Donnergott Thor
98%
Hauptgott/Göttervater Odin
86%
Muttergöttin Frigg
29%
Rechts/Kriegsgott Tyr
24%
Sonnengöttin Sol/Sunna
8%
Mondgott Mani
3%
Großer, Universaler Ermunaz/Erminaz
2%
Fruchtbarkeitsgöttin Fulla
2%
Stammvater Gautaz
2%
Erdmutter Jörd
2%
Keine übereinstimmenden Quizze gefunden
Verteilung der Resultate
Anzahl Personen mit jedem Resultat
Perzentil nach korrekt beantworteten Fragen
Ihre Resultats-Entwicklung
Sie haben dieses Quiz noch nicht gespielt